Представление документа в формате MARC21

Поле Инд. ПП Название Значение
Тип записи a
Библиографический уровень m
001 Контрольный номер 4f034c39-31fe-4dbf-bd25-5016543723ee
005 Дата корректировки 20201110100208.6
008 Кодируемые данные 950630s1995 rur 00000 rus d
080 a Индекс УДК 330.14
084 a Индекс другой классификации/Индекс ББК У013.5
090 x Авторский знак К 20
a Полочн. индекс 3К13
100 1_ a Автор Маркс Карл
e Роль лиц Автор
245 0_ a Заглавие Капитал
n Номер части/ раздела Т. 3, кн. 3
p Название части/ раздела Процесс капиталистического производства, взятый в целом. Ч. 1
b Продолж. заглавия Критика политической экономии : перевод с немецкого
c Ответственность Карл Маркс ; под редакцией Ф. Энгельса
260 0_ a Место издания Москва
b Издательство Политиздат
c Дата издания 1978
300 a Объем 508 с.
b Иллюстрации/ тип воспроизводства факс., табл.
653 0_ a Ключевые слова Политическая экономия
a Ключевые слова Капиталистический способ производства
a Ключевые слова Капитал
a Ключевые слова Экономическая теория
700 12 a Другие авторы Энгельс Фридрих
e Роль лиц Редактор
901 t Тип документа m
920 a Оператор Семен
a Оператор Суха
a Оператор Стро
952 c Вид литературы К рн
954 a Дата поступления на обработку 27.10.97
954 a Дата поступления на обработку 20201106
c Дата окончания ОНО 20201110